000 00485nam a2200193 a 4500
001 14351
003 CO-ViMGA
008 141112s2004 ck r 000 u spa d
020 _a844804158
040 _aCO-ViMGA
_bspa
_cCO-ViMGA
082 0 4 _a813.5 L683c
100 1 _aLowder, James
_921023
245 1 0 _aEl caballero de la rosa negra
260 _aBarcelona :
_bTimun Mas,
_c1993
300 _a287
490 _aRavenloff
650 1 4 _aNOVELA ESTADOUNIDENSE
_9761
942 _2ddc
_cBK
999 _c25031
_d25031